[Event "Paul Keres Mem GMB"]
[Site "Tallinn EST"]
[Date "2008.01.10"]
[Round "7"]
[White "Korchagina,V"]
[Black "Fomina,T"]
[Result "0-1"]
[WhiteElo "2182"]
[BlackElo "2254"]

1.e4 c5 2.Nf3 e6 3.d4 cxd4 4.Nxd4 Nc6 5.Nc3 Qc7 6.g3 d6 7.Bg2 Bd7 8.O-O Rd8
9.Re1 Be7 10.Be3 Nf6 11.Qe2 Nxd4 12.Bxd4 e5 13.Be3 O-O 14.Rad1 Qa5 15.a3 b5
16.Bg5 Bg4 17.f3 Be6 18.Bxf6 Bxf6 19.Nd5 Bxd5 20.Rxd5 a6 21.Kh1 Rc8 22.Red1 Qa4
23.c3 Be7 24.f4 exf4 25.gxf4 Qc4 26.Qg4 Rc5 27.R5d4 Qe6 28.Qg3 Rh5 29.Bf3 Rh3
30.Qg2 Rh4 31.Rg1 Qh6 32.e5 dxe5 33.fxe5 g6 34.Rxh4 Qxh4 35.Bb7 a5 36.Bd5 Qf4
37.Qe2 Bc5 38.Rf1 Qe3 39.Qxb5 Bb6 40.Qd7 Qc5 41.e6 fxe6 42.Qxe6+ Kg7 43.Re1 Rf5
44.Qd7+ Kh6 45.Bg8 Qf2 46.Qxh7+ Kg5 47.Qe7+ Kg4 48.Qe4+ Kh3 49.Qd3+ Kh4 50.Qe2 g5
51.Be6 Rf4 52.Qxf2+ Rxf2 53.Re4+ g4 54.Rxg4+ Kh5 55.b4 Re2 56.Bc8 Ra2 57.c4 Rxa3
58.b5 Rc3 59.Re4 a4 60.Bg4+ Kg5 61.Be6 Rc1+ 62.Kg2 Rc2+ 63.Kf3 a3 64.h4+ Kf6
65.c5 Bxc5 66.h5 a2 67.Bxa2 Rxa2 68.h6 Rh2 69.Rc4 Bd6 70.b6 Rxh6 71.b7 Rh3+
72.Ke4 Ke6 73.Rc8 Rb3 74.Re8+ Kd7 75.Rg8 Rxb7 76.Rg7+ Be7 77.Kd5 Rb5+ 78.Ke4 Ke6
79.Rg2 Bf6 80.Rc2 Rb4+ 81.Kf3 Be5 82.Rc6+ Kf5 83.Rc2 Rb3+ 84.Kg2 Rg3+ 85.Kf2 Rh3
86.Rc8 Ke4 87.Rc4+ Kf5 88.Rc8 Bf4 89.Ra8 Rb3 90.Ra2 Kg4 91.Rc2 Rh3 92.Ke2 Re3+
93.Kf2 Re4 94.Rc8 Bg3+ 95.Kg2 Re2+ 96.Kf1 Rf2+ 97.Kg1 Ra2 98.Rc4+ Bf4 99.Rc3 Be5
100.Rb3 Bd4+ 101.Kf1 Kf4 102.Rb8 Bc5 103.Re8 Be3 104.Ke1 Kf3 105.Kd1 Rd2+
106.Ke1 Rd7 107.Re6 Bf2+  0-1

[Event "ASEAN Masters Circuit WIM"]
[Site "Tarakan INA"]
[Date "2008.01.10"]
[Round "3"]
[White "Verdiana,N"]
[Black "Bernales,C"]
[Result "1/2-1/2"]
[WhiteElo "1890"]
[BlackElo "1933"]

1.e4 c5 2.Nf3 e6 3.d4 cxd4 4.Nxd4 Nc6 5.Nc3 a6 6.a3 Nf6 7.Nxc6 bxc6 8.e5 Nd5
9.Ne4 Qc7 10.f4 Qb6 11.Qf3 Bc5 12.Nxc5 Qxc5 13.c4 Ne7 14.Be3 Qa5+ 15.b4 Qd8
16.Bc5 O-O 17.Bd3 f6 18.O-O f5 19.Qe3 Rf7 20.Rf3 Ng6 21.Rh3 Qe8 22.Be2 Ne7
23.Rd1 a5 24.Qd4 axb4 25.Bxb4 g6 26.Rb3 Rg7 27.Rdb1 g5 28.fxg5 Rxg5 29.Qh4 Rg7
30.Bxe7 Qxe7 31.Qxe7 Rxe7 32.Rb8 Rxb8 33.Rxb8 Re8 34.c5 Kf8 35.Kf2 Ke7 36.Ke3 Kd8
37.a4 Kc7 38.Rb6 Bb7 39.a5 Rh8 40.Kf4 h6 41.g3 Rf8 42.Kf3 Rg8 43.Kf2 Rh8
44.Ke3 Rg8 45.Kf4 Rf8 46.h3 Rg8 47.h4 Rf8 48.Ba6 Ba8 49.Be2 Rg8 50.Rb3 Rf8
51.a6 Rg8 52.g4 fxg4 53.Bxg4 Rf8+ 54.Kg3 Rf1 55.Rc3 Re1 56.Kf4 Ra1 57.Be2 Ra4+
58.Bc4 Ra5 59.Bd3 Ra4+ 60.Bc4 Ra5 61.Be2 Ra4+ 62.Bc4 Ra5 63.Bd3 Ra4+  1/2-1/2

[Event "TCh-AUT 1st Bundesliga 2007-8"]
[Site "Jenbach AUT"]
[Date "2008.01.11"]
[Round "5"]
[White "Schachinger,M"]
[Black "Loeffler,S"]
[Result "1/2-1/2"]
[WhiteElo "2308"]
[BlackElo "2409"]

1.e4 c5 2.Nf3 e6 3.d4 cxd4 4.Nxd4 Nc6 5.Nc3 Qb6 6.Nb3 Nf6 7.Be3 Qc7 8.Qd2 Bb4
9.f3 d5 10.Bd3 e5 11.a3 Bxc3 12.bxc3 dxe4 13.fxe4 Na5 14.O-O Nc4 15.Bxc4 Qxc4
16.Qd6 Qe6 17.Qb4 b6 18.Rad1 Qc6 19.Nd2 Be6 20.Nf3 Qxe4 21.Qb5+ Nd7 22.Rfe1 f6
23.Bd4 Qb7 24.Bxe5 a6 25.Qb4 fxe5 26.Qd6 Ba2 27.Rxe5+ Nxe5 28.Re1 Kf7 29.Nxe5+ Kg8
30.Nc6 h5 31.Ne7+ Kf8 32.Nc8+ Kg8 33.Re8+ Kh7 34.Qd3+ g6 35.Re7+ Qxe7 36.Nxe7 Bf7
37.Qf3 Rhf8 38.Qc6 Rad8 39.h4 Kg7 40.Qc7 Rfe8 41.Nc6 Rd1+ 42.Kh2 Rd5 43.Nd4 b5
44.Qb7 Re4 45.Ne6+ Rxe6 46.Qxd5 Re2 47.Qd4+ Kg8 48.Qd6 Rxc2 49.Qd8+ Kg7 50.Qd4+ Kg8
51.Kg3 Ra2 52.Qd6 Rc2 53.Qd3 Ra2 54.Qd6 Rc2 55.Qc6 Kg7 56.Kf3 a5 57.Qc5 a4
58.Qd4+ Kg8 59.g3 Rc1 60.Kf4 Rf1+ 61.Kg5 Kh7 62.g4 hxg4  1/2-1/2

[Event "TCh-AUT 1st Bundesliga 2007-8"]
[Site "Jenbach AUT"]
[Date "2008.01.11"]
[Round "5"]
[White "Manik,M"]
[Black "Maiwald,JU"]
[Result "0-1"]
[WhiteElo "2433"]
[BlackElo "2484"]

1.e4 c5 2.Nf3 e6 3.d4 cxd4 4.Nxd4 Nc6 5.Nc3 Qc7 6.Be2 a6 7.O-O b5 8.Nxc6 dxc6
9.f4 Be7 10.e5 Bb7 11.Bf3 Nh6 12.g4 Rg8 13.Kh1 c5 14.h3 b4 15.Na4 f5 16.g5 Nf7
17.Be3 Rd8 18.Qe2 Nh8 19.h4 h6 20.Bxb7 Qxb7+ 21.Qf3 Qb5 22.b3 hxg5 23.hxg5 Ng6
24.Rad1 Kf7 25.Kg1 c4 26.Nb2 cxb3 27.axb3 Rc8 28.Nc4 Rh8 29.Ra1 Rxc4 30.bxc4 Qxc4
31.Rf2 Rh4 32.Rd1 Rg4+ 33.Kh1 Qc8 34.Ra1 Qc3 35.Raf1 Nh4 36.Qe2 Rg3 37.Qh5+ Ng6
38.Rf3 Rg4 39.Qh2 Qc6 40.Qe2 Nh4 41.Kh2 Nxf3+ 42.Rxf3 Qe4 43.Rg3 Rh4+ 44.Rh3 Rxh3+
45.Kxh3 Kg6 46.Qd2 Qf3+ 47.Kh2 Kh5 48.Bf2 Kg4 49.Kg1 Qxf4 50.Qd1+ Qf3 51.Qd4+ Kh5
52.Qd7 Bxg5 53.Qxe6 Qd1+ 54.Kg2 Qxc2 55.Qe8+ Kg4 56.e6 Qe4+ 57.Kh2 Kf3  0-1

[Event "TCh-AUT 1st Bundesliga 2007-8"]
[Site "Jenbach AUT"]
[Date "2008.01.11"]
[Round "5"]
[White "Pavasovic,D"]
[Black "Balogh,C"]
[Result "1/2-1/2"]
[WhiteElo "2601"]
[BlackElo "2575"]

1.e4 c5 2.Nf3 e6 3.d4 cxd4 4.Nxd4 Nc6 5.Nc3 d6 6.Be3 Nf6 7.Qd2 Be7 8.f3 O-O
9.g4 Nd7 10.O-O-O Nxd4 11.Bxd4 Ne5 12.Qg2 Qa5 13.Kb1 Bd7 14.g5 Rfc8 15.h4 Nc6
16.Be3 d5 17.exd5 Nb4 18.a3 Rxc3 19.axb4 Bxb4 20.Bd4 Rcc8 21.g6 fxg6 22.h5 Qxd5
23.hxg6 h6 24.Qe2 Qc6 25.Bh3 Rf8 26.Bg4 Rac8 27.Rh5 Rfe8 28.c3 e5 29.Bxd7 Qxg6+
30.Qe4 Qxh5  1/2-1/2

[Event "ch-Reykjavik"]
[Site "Reykjavik ISL"]
[Date "2008.01.11"]
[Round "3"]
[White "Johannsdottir,J"]
[Black "Magnusson,O"]
[Result "1-0"]
[WhiteElo "1905"]
[BlackElo "2250"]

1.e4 e6 2.d4 c5 3.Nf3 cxd4 4.Nxd4 Nc6 5.Nc3 a6 6.Be3 Nxd4 7.Bxd4 d6 8.Bc4 b5
9.Bb3 Bb7 10.f3 e5 11.Bf2 Nf6 12.O-O Be7 13.Nd5 Nxd5 14.Bxd5 Bxd5 15.Qxd5 O-O
16.c3 Qd7 17.Rad1 Qe6 18.Bb6 Rac8 19.Ba5 Rc5 20.Qb7 Qc8 21.Qxe7 f5 22.exf5 Qxf5
23.Rxd6 Rcc8 24.Qe6+ Kh8 25.Qxf5 Rxf5 26.Rfd1 Rcf8 27.Rd8 h6 28.Rxf8+ Rxf8
29.Rd8 Kg8 30.Rxf8+ Kxf8 31.Bc7 e4 32.fxe4 Ke7 33.e5  1-0

[Event "6th Parsvnath Open"]
[Site "New Delhi IND"]
[Date "2008.01.13"]
[Round "2"]
[White "Kurnosov,I"]
[Black "Shailendra,B"]
[Result "1-0"]
[WhiteElo "2577"]
[BlackElo "2158"]

1.e4 c5 2.Nf3 e6 3.d4 cxd4 4.Nxd4 Nc6 5.Nc3 Qc7 6.f4 a6 7.Nxc6 bxc6 8.Bd3 d5
9.O-O Bc5+ 10.Kh1 Ne7 11.f5 exf5 12.exf5 f6 13.Qh5+ Kd8 14.Bf4 Bd6 15.Bxd6 Qxd6
16.Qf7 g5 17.Ne2 c5 18.b4 Nc6 19.bxc5 Rf8 20.cxd6 Rxf7 21.Nc3 Nb4 22.Rab1 a5
23.Nxd5 Nxd5 24.Bc4 Bb7  1-0

[Event "ch-Reykjavik"]
[Site "Reykjavik ISL"]
[Date "2008.01.13"]
[Round "4"]
[White "Sigfusson,S"]
[Black "Gretarsson,Hj"]
[Result "1-0"]
[WhiteElo "2313"]
[BlackElo "2247"]

1.e4 c5 2.Nf3 e6 3.d4 cxd4 4.Nxd4 Nc6 5.Nc3 Qc7 6.f4 a6 7.Be2 Bb4 8.Nxc6 Qxc6
9.Qd4 Bxc3+ 10.bxc3 Ne7 11.Ba3 b5 12.Rd1 Rg8 13.Qb4 Ng6 14.f5 a5 15.Qd4 Nf4
16.Bf3 b4 17.e5 Nd5 18.c4  1-0

[Event "EST-FIN Match"]
[Site "Tallinn EST"]
[Date "2008.01.13"]
[Round "1"]
[White "Penttila,T"]
[Black "Peleshev,L"]
[Result "1/2-1/2"]
[WhiteElo "2046"]
[BlackElo "2286"]

1.e4 c5 2.Nf3 Nc6 3.Nc3 e6 4.d4 cxd4 5.Nxd4 Qc7 6.Ndb5 Qb8 7.Be3 a6 8.Bb6 axb5
9.Nxb5 Bb4+ 10.c3 Ba5 11.Nc7+ Qxc7 12.Bxc7 Bxc7 13.Qg4 g6 14.f4 Nf6 15.Qf3  1/2-1/2

[Event "Corus C"]
[Site "Wijk aan Zee NED"]
[Date "2008.01.13"]
[Round "2"]
[White "Carlsson,P"]
[Black "Peng Zhaoqin"]
[Result "1/2-1/2"]
[WhiteElo "2501"]
[BlackElo "2461"]

1.e4 c5 2.Nf3 e6 3.d4 cxd4 4.Nxd4 Nc6 5.Nc3 Qc7 6.Be2 a6 7.O-O Nf6 8.Kh1 Nxd4
9.Qxd4 Bc5 10.Qd3 h5 11.Bg5  1/2-1/2

[Event "4NCL 2007-8"]
[Site "Wokefield Park ENG"]
[Date "2008.01.13"]
[Round "6"]
[White "Ansell,S"]
[Black "Morrison,G SCO"]
[Result "1/2-1/2"]
[WhiteElo "2402"]
[BlackElo "2319"]

1.e4 c5 2.Nf3 e6 3.d4 cxd4 4.Nxd4 Nc6 5.Nc3 d6 6.Be3 Nf6 7.Be2 Be7 8.O-O O-O
9.f4 a6 10.Bf3 Qc7 11.Kh1 Nxd4 12.Bxd4 e5 13.Be3 exf4 14.Bxf4 Be6 15.Ne2 Nd7
16.Nd4 Ne5 17.Be2 Bf6 18.c3 Rfe8 19.Bg3 Qe7 20.Nxe6 fxe6 21.Qb3 Kh8 22.Rad1 Rac8
23.Rd4 Rc6 24.Rfd1 Rd8 25.Rb4 Rd7 26.Rb6 Rxb6 27.Qxb6 g6 28.h3 Kg7 29.Bf2 h5
30.Bd4 Nf7 31.Rf1 Be5 32.Bc4 Bxd4 33.cxd4 Ng5 34.Bd3 e5  1/2-1/2

[Event "ch-VEN"]
[Site "San Felipe VEN"]
[Date "2008.01.14"]
[Round "3"]
[White "Soto Paez,O"]
[Black "Chavez Lazo,J"]
[Result "1-0"]
[WhiteElo "2371"]
[BlackElo "2192"]

1.e4 c5 2.Nf3 e6 3.Nc3 Nc6 4.d4 cxd4 5.Nxd4 Qc7 6.Be2 Nf6 7.O-O a6 8.Be3 Bb4
9.Na4 Be7 10.Nxc6 bxc6 11.Nb6 Rb8 12.Nxc8 Qxc8 13.Bd4 c5 14.Be5 Rb6 15.Qd3 d6
16.Bc3 Qc6 17.Bf3 e5 18.Rfd1 O-O 19.Qc4 Qb5 20.Be2 Rfb8 21.a4 Qxc4 22.Bxc4 Ne8
23.b3 g6 24.g3 Ng7 25.f4 exf4 26.gxf4 Ne6 27.f5 Nd4 28.Rf1 d5 29.exd5 Nxf5
30.a5 Rd6 31.Be5 Rbd8 32.Bxd6 Rxd6 33.c3 Bf6 34.Rf3 Be5 35.Re1 f6 36.b4 cxb4
37.cxb4 Nd4 38.Rd3 Kg7 39.Re4 Nf5 40.b5 axb5 41.Bxb5 Rd8 42.a6 Nd6 43.Rxe5  1-0

[Event "Corus C"]
[Site "Wijk aan Zee NED"]
[Date "2008.01.14"]
[Round "3"]
[White "Ushenina,A"]
[Black "Krush,I"]
[Result "1/2-1/2"]
[WhiteElo "2484"]
[BlackElo "2473"]

1.e4 c5 2.Nc3 e6 3.Nge2 Nc6 4.d4 cxd4 5.Nxd4 d6 6.Be3 Nf6 7.Bd3 Be7 8.O-O a6
9.Kh1 Nxd4 10.Bxd4 e5 11.Be3 b5 12.f4 Ng4 13.Bg1 exf4 14.Rxf4 Ne5 15.a4 bxa4
16.Rxa4 O-O 17.Nd5 Bb7 18.Bd4 f5 19.Bb6 Qd7 20.Nxe7+ Qxe7 21.exf5 Nxd3 22.Qxd3 Qg5
23.Rf2 Qc1+ 24.Rf1 Qxb2 25.Qc4+ Kh8 26.Bd4 Qb5 27.Qxb5 axb5 28.Rb4 Bc6 29.h3 Ra4
30.Bc3 Kg8 31.Kh2 Rxb4 32.Bxb4 Be4 33.Bxd6 Rxf5 34.Rxf5 Bxf5 35.c3 Kf7 36.Bb4 Bd3
37.Kg3 Ke6 38.Kf2 Bc4 39.Ba5 Bd5 40.Bb4  1/2-1/2

[Event "Corus C"]
[Site "Wijk aan Zee NED"]
[Date "2008.01.14"]
[Round "3"]
[White "Nijboer,F"]
[Black "Li Shilong"]
[Result "1-0"]
[WhiteElo "2578"]
[BlackElo "2502"]

1.e4 c5 2.Nf3 e6 3.Nc3 Nc6 4.d4 cxd4 5.Nxd4 Qc7 6.Be3 Nf6 7.Qd2 a6 8.O-O-O Bb4
9.f3 Ne5 10.Nb3 b5 11.Qe1 Rb8 12.Qg3 Nh5 13.Qh3 Nf6 14.Qg3 Be7 15.f4 Nc4
16.e5 Nh5 17.Qf2 g5 18.g3 Bb7 19.Bxc4 bxc4 20.Nc5 Bxc5 21.Bxc5 Bxh1 22.Rxh1 f5
23.exf6 d6 24.Ba3 Nxf6 25.fxg5 Nd7 26.Re1 e5 27.Qf5 Rb6 28.Nd5 Qc6 29.Nxb6 Qxb6
30.Qe6+ Kd8 31.Bxd6 c3 32.bxc3 Qc6 33.Be7+ Kc7 34.Qxc6+ Kxc6 35.Rd1 Re8 36.Ba3 e4
37.Rd6+ Kc7 38.Rd5 Nb6 39.Rc5+ Kd7 40.Kd2 e3+ 41.Ke2 Re4 42.Bb4 Nc4 43.Rd5+ Ke6
44.Rd4 Ke5 45.Rxe4+ Kxe4 46.Bc5 a5 47.h4 a4 48.h5  1-0

[Event "6th Parsvnath Open"]
[Site "New Delhi IND"]
[Date "2008.01.15"]
[Round "4"]
[White "Grover,S"]
[Black "Zakurdjaeva,I"]
[Result "1-0"]
[WhiteElo "2242"]
[BlackElo "2332"]

1.e4 c5 2.Nf3 e6 3.d4 cxd4 4.Nxd4 Nc6 5.Nc3 a6 6.Nxc6 bxc6 7.Bd3 d5 8.O-O Bc5
9.Qg4 Nf6 10.Qxg7 Rg8 11.Qh6 d4 12.e5 dxc3 13.exf6 Qd4 14.Bf4 cxb2 15.Rad1 e5
16.Qg7 Rxg7 17.fxg7 Qxf4 18.g8=Q+ Ke7 19.Be2 Bb7 20.Qxh7 Bd4 21.g3 Qf6 22.c3 Bxc3
23.Qc2 Bd4 24.Rxd4 exd4 25.Qxb2 Rb8 26.Bxa6 Kd7 27.Bxb7 Kc7 28.Rb1 c5 29.Qb5 Qd6
30.Qa5+  1-0

[Event "ch-VEN w"]
[Site "San Felipe VEN"]
[Date "2008.01.16"]
[Round "6"]
[White "Hernandez,Z"]
[Black "Sequeda,N"]
[Result "1/2-1/2"]
[WhiteElo "1999"]
[BlackElo "2034"]

1.e4 c5 2.Nf3 e6 3.Nc3 Nc6 4.d4 cxd4 5.Nxd4 a6 6.Nxc6 bxc6 7.Bd3 Qc7 8.O-O Nf6
9.Kh1 Be7 10.Qe2 e5 11.f4 d6 12.f5 d5 13.Bg5 Bb7 14.Rae1 d4 15.Nd1 Qb6 16.Bc4 a5
17.Rf3 a4 18.Nf2 Ba6 19.Bxa6 Rxa6 20.Nd3 Ra5 21.Bd2 Rb5 22.c4 dxc3 23.Bxc3 Nd7
24.Rg3 Bh4 25.Rxg7 Bxe1 26.Nxe1 Kf8 27.Rg3 Rg8 28.Qd2 Rxg3 29.hxg3 Ke8 30.Nf3 a3
31.bxa3 Rb1+ 32.Kh2 Qb5 33.Qg5 Qc4 34.Ba5 Rb8 35.Nxe5 Nxe5 36.Qg8+ Ke7 37.Qxb8 Ng4+
38.Kh3 Nf2+ 39.Kh2 Ng4+ 40.Kh3 Nf2+ 41.Kh2 Ng4+ 42.Kh3 Nf2+ 43.Kh2 Ng4+ 44.Kh3  1/2-1/2

[Event "ASEAN Masters Circuit GMA"]
[Site "Tarakan INA"]
[Date "2008.01.16"]
[Round "8"]
[White "Zhang Zhong"]
[Black "Nouri,H"]
[Result "1-0"]
[WhiteElo "2617"]
[BlackElo "2404"]

1.e4 c5 2.Nf3 e6 3.d4 cxd4 4.Nxd4 Nc6 5.Nc3 Qc7 6.g3 a6 7.Bg2 Nf6 8.O-O Be7
9.Re1 O-O 10.Nxc6 bxc6 11.e5 Nd5 12.Qg4 f5 13.exf6 Nxf6 14.Qe2 Rb8 15.b3 Bb4
16.Bd2 Qa5 17.Ne4 Nxe4 18.Bxb4 Rxb4 19.Bxe4 d5 20.Bg2 Qc5 21.c3 Rb6 22.Qd2 a5
23.Rac1 Qa3 24.c4 a4 25.Qe3 d4 26.Qxd4 c5 27.Qe5 Qxa2 28.Qxc5 Rxb3 29.Be4 Qa3
30.Qh5 h6 31.Qg6 Qc5 32.Qh7+ Kf7 33.Bg6+ Kf6 34.Bd3 Bb7 35.Qg6+ Ke7 36.Qxg7+ Kd8
37.Re3 Kc8 38.Rf1 a3 39.Re5 Qd6 40.c5 Rf7 41.cxd6 Rxg7 42.Bc4 Rb2 43.Bxe6+ Kd8
44.Rf5 Bc6 45.Rf8+ Be8 46.Re1  1-0

[Event "115th ch-NZL"]
[Site "Auckland NZL"]
[Date "2008.01.18"]
[Round "5"]
[White "Hartvig,O"]
[Black "Stuart,P"]
[Result "1-0"]
[WhiteElo "2233"]
[BlackElo "2114"]

1.e4 c5 2.Nf3 e6 3.d4 cxd4 4.Nxd4 Nc6 5.Nc3 Qc7 6.g3 a6 7.Bg2 d6 8.O-O Bd7
9.Re1 Be7 10.Nxc6 Bxc6 11.Be3 Nf6 12.a4 b6 13.f4 O-O 14.Qe2 Qb7 15.Bd4 Rfd8
16.g4 d5 17.e5 Nd7 18.Qd2 b5 19.a5 b4 20.Ne2 Bb5 21.f5 Bxe2 22.Rxe2 Qc7 23.f6 Bc5
24.c3 bxc3 25.bxc3 Bxd4+ 26.cxd4 gxf6 27.exf6 Kh8 28.g5 Rdc8 29.g6 fxg6 30.Rxe6 Rf8
31.Re7 Qd6 32.Qh6  1-0

[Event "115th ch-NZL"]
[Site "Auckland NZL"]
[Date "2008.01.18"]
[Round "6"]
[White "Van Riemsdijk,H"]
[Black "Garbett,P"]
[Result "1/2-1/2"]
[WhiteElo "2391"]
[BlackElo "2338"]

1.e4 c5 2.Nf3 e6 3.d4 cxd4 4.Nxd4 Nc6 5.Nc3 Qc7 6.g3 a6 7.Bg2 d6 8.O-O Bd7
9.Nce2 Nf6 10.c4 Be7 11.b3 O-O 12.a4 Rfd8 13.h3 Rab8 14.Be3 Nxd4 15.Bxd4 a5
16.Nc3 Rdc8 17.Qe2 Bc6 18.Rac1 Qd8 19.Rfd1 Nd7 20.Kh2 Qe8 21.Qb2 Nc5 22.Bxc5 dxc5
23.e5 Bxg2 24.Kxg2 Qc6+ 25.Kg1 Rd8 26.Qe2 Rd4 27.f3 Rbd8 28.Nb5 R4d7 29.Kf2 Bg5
30.f4 Be7 31.Nc3 Rd4 32.Nb5  1/2-1/2

[Event "GMA2"]
[Site "Marianske Lazne CZE"]
[Date "2008.01.19"]
[Round "1"]
[White "Smith,Ax"]
[Black "Kristjansson,St"]
[Result "1/2-1/2"]
[WhiteElo "2458"]
[BlackElo "2476"]

1.e4 c5 2.Nf3 e6 3.d4 cxd4 4.Nxd4 Nc6 5.Nc3 Qc7 6.Be3 a6 7.Qd2 Nf6 8.O-O-O b5
9.Bf4 Qb6 10.Nxc6 Qxc6 11.f3  1/2-1/2

[Event "GMA1"]
[Site "Marianske Lazne CZE"]
[Date "2008.01.19"]
[Round "1"]
[White "Talla,V"]
[Black "Rasmussen,A"]
[Result "0-1"]
[WhiteElo "2419"]
[BlackElo "2468"]

1.e4 c5 2.Nf3 e6 3.d4 cxd4 4.Nxd4 Nc6 5.Nc3 Qc7 6.Be3 a6 7.Qd2 Nf6 8.f3 Ne5
9.O-O-O Bb4 10.Nb3 b5 11.Bd4 Be7 12.Kb1 O-O 13.Qf2 Rb8 14.g4 Nc4 15.Bxc4 bxc4
16.Nc5 d6 17.N5a4 Bd7 18.Ka1 Rb7 19.b3 Qa5 20.Qd2 Qb4 21.Nb2 Rc8 22.Ne2 Qxd2
23.Rxd2 e5 24.Bc3 Be6 25.Rg1 Rbc7 26.Nd1 Nd7 27.Ba5 Rc6 28.g5 Nc5 29.Kb1 Rb8
30.Ndc3 Bf8 31.Nd5 Rb5 32.Bc3 cxb3 33.cxb3 a5 34.Bb2 Nd7 35.Nec3 Rb8 36.Na4 g6
37.Rc1 Rxc1+ 38.Kxc1 f5 39.Ba3 Kf7 40.h4 Rb7 41.Ndc3 Nc5 42.Nxc5 dxc5 43.Bb2 c4
44.bxc4 Bxc4 45.Kc2 Bc5 46.Nd5 Ke6 47.a3 Bb3+ 48.Kc1 a4 49.Rd3 Bf2 50.h5 Bh4
51.f4 fxe4 52.Rh3 Be1 53.Nf6 Rc7+ 54.Kb1 exf4 55.hxg6 hxg6 56.Rh8 e3 57.Re8+ Re7  0-1

[Event "Winter Open"]
[Site "Belgrade SRB"]
[Date "2008.01.22"]
[Round "1"]
[White "Velickovic,Sa"]
[Black "Urosevic,M"]
[Result "1-0"]
[WhiteElo "2401"]
[BlackElo "2114"]

1.e4 c5 2.Nc3 Nc6 3.Nge2 e6 4.d4 cxd4 5.Nxd4 Qc7 6.g3 a6 7.Bg2 d6 8.O-O Bd7
9.Re1 Be7 10.Nb3 b5 11.a4 b4 12.Na2 Rb8 13.Qe2 a5 14.Qc4 e5 15.Qd3 Be6 16.Nd2 Nf6
17.Nf3 Nd7 18.b3 Nc5 19.Qd1 Bg4 20.Bb2 Ne6 21.Qd3 O-O 22.Nc1 Bxf3 23.Bxf3 Ncd4
24.Bd1 Rfc8 25.Bxd4 Nxd4 26.Ra2 Rb6 27.Bg4 Qc3 28.Qd1 Nxc2 29.Rxc2 Qxc2 30.Bxc8 Qxc8
31.Qd5 Rc6 32.Nd3 Qc7 33.Kg2 Rc2 34.Re3 Bd8 35.Rf3 Rc3 36.Nb2 Rxf3 37.Kxf3 Kf8
38.Nc4 Ke7 39.Ne3 Qc5 40.Nf5+ Kf6 41.Nxd6 Qxd5 42.exd5 g6 43.Ke4 Ke7 44.Nc4 f6
45.g4 h6 46.h4 Kd7 47.h5 gxh5 48.gxh5 Ke7 49.Kf5 Kf7 50.d6 e4 51.Nd2 Bb6
52.Nxe4 Bd4 53.f4 Be3 54.d7 Ke7 55.Nxf6 Bd4 56.Ng8+ Kxd7 57.Nxh6 Ke7 58.Kg6 Kf8
59.f5 Be3 60.Ng4 Bd4 61.f6  1-0

[Event "6th Gibtelecom Masters"]
[Site "Gibraltar ENG"]
[Date "2008.01.22"]
[Round "1"]
[White "Arakhamia,K"]
[Black "Rasch,H"]
[Result "1/2-1/2"]
[WhiteElo "2457"]
[BlackElo "2263"]

1.e4 c5 2.Nf3 e6 3.d4 cxd4 4.Nxd4 Nc6 5.Nc3 Qc7 6.Be3 a6 7.Qd2 Nf6 8.O-O-O Bb4
9.f3 d5 10.a3 Be7 11.exd5 Nxd5 12.Nxd5 exd5 13.Bf4 Qb6 14.Nxc6 bxc6 15.Re1 Be6
16.Be5 O-O 17.f4 Rfe8 18.g4 Bxg4 19.Qg2 f6 20.Qxg4 fxe5 21.Qe6+ Kf8 22.Qf5+ Bf6
23.fxe5 Rab8 24.b3 Qd4 25.Bxa6 Rxe5 26.Rxe5 Qa1+ 27.Kd2 Qxh1 28.Re6 Qxh2+
29.Be2 Qh4 30.Rxc6 Re8 31.Qf3 Qg5+ 32.Kd1 Qg1+ 33.Kd2 Qg5+ 34.Kd1 Qg1+ 35.Kd2 Qd4+
36.Bd3 Kg8 37.c3 Qe5 38.Qf2 Bg5+ 39.Kc2 Rf8 40.Qe2 Be3 41.Qg4 Qh2+ 42.Be2 Kh8
43.Rc8 Qf2 44.b4 g6 45.Kd3 Bh6 46.Rxf8+ Qxf8 47.Qd4+ Bg7 48.Qxd5 h5 49.Bf3 Qf6
50.Qc6 Qe5 51.b5 Qe1 52.Be4 Qb1+ 53.Kc4 Qa2+ 54.Kc5 Qxa3+ 55.Kb6 Bxc3 56.Qxg6 Bd4+
57.Kb7 Qe7+ 58.Kc8 Qc5+ 59.Bc6 Qf8+ 60.Be8 Qc5+ 61.Bc6 Qf8+ 62.Be8  1/2-1/2

[Event "6th Gibtelecom Masters"]
[Site "Gibraltar ENG"]
[Date "2008.01.22"]
[Round "1"]
[White "Al Modiahki,M"]
[Black "Astaneh Lopez,A"]
[Result "1-0"]
[WhiteElo "2569"]
[BlackElo "2346"]

1.e4 c5 2.Nc3 Nc6 3.Nf3 e6 4.d4 cxd4 5.Nxd4 a6 6.Nxc6 bxc6 7.Bd3 d5 8.O-O Nf6
9.Qe2 Be7 10.b3 Qa5 11.Na4 Nxe4 12.Bxe4 dxe4 13.Qxe4 O-O 14.Rd1 Qf5 15.Qxf5 exf5
16.Be3 Be6 17.Bc5 Bf6 18.Bxf8 Bxa1 19.Rxa1 Kxf8 20.Rd1 Ke7 21.f4 h6 22.c4 g5
23.Kf2 Rg8 24.Rd4 Rc8 25.Nc5 Ra8 26.Ke3 Ra7 27.Kd2 Ra8 28.Kc3 a5 29.g3 Rg8
30.a4 Rb8 31.Rd2 gxf4 32.gxf4 Rg8 33.b4 axb4+ 34.Kxb4 Rb8+ 35.Kc3 Rb1 36.Nb3 Rf1
37.a5 Rxf4 38.Nd4 c5 39.Nxe6 fxe6 40.a6 Rg4 41.Rd8  1-0

[Event "6th Gibtelecom Masters"]
[Site "Gibraltar ENG"]
[Date "2008.01.23"]
[Round "2"]
[White "Lazarus,B"]
[Black "Arakhamia,K"]
[Result "1/2-1/2"]
[WhiteElo "2143"]
[BlackElo "2457"]

1.e4 c5 2.Nf3 e6 3.d4 cxd4 4.Nxd4 Nc6 5.Nc3 d6 6.Be3 Nf6 7.Bc4 a6 8.Qe2 Be7
9.O-O-O O-O 10.Rhg1 Nxd4 11.Bxd4 b5 12.Bb3 Nd7 13.g4 Bg5+ 14.Kb1 Qc7 15.h4 Bf4
16.g5 Nc5 17.h5 b4 18.g6 hxg6 19.Nd5 exd5 20.Bxd5 Be6 21.Bxa8 Rxa8 22.hxg6 f6
23.Rh1 Rc8 24.Rh7 Nd7 25.Rdh1 Kf8 26.b3 Ne5 27.Rh8+ Ke7 28.Rxc8 Qxc8 29.Rh7 Bh6
30.Qh5 Ng4 31.f3 Bg8 32.Qxg4 Qxg4 33.fxg4 Be6 34.g5 fxg5 35.Bxg7 Bxg7 36.Rxg7+ Kf6
37.Ra7 g4 38.Rxa6 g3 39.Rxd6 g2 40.Rd1 Bg4 41.Rg1 Bf3 42.Kc1 Bxe4 43.Kd2 Kxg6
44.Ke3 Kf5 45.Kd4 Kf4 46.c4 bxc3 47.Kxc3 Ke3 48.a4 Kf2 49.Rxg2+ Bxg2 50.Kd4 Kf3
51.b4 Kf4 52.b5 Kf5 53.Kc5 Ke6 54.Kb6 Kd6 55.Ka6 Kc5 56.b6 Kb4 57.a5 Ka4
58.b7 Bxb7+ 59.Kxb7 Kxa5  1/2-1/2

[Event "IMB1"]
[Site "Marianske Lazne CZE"]
[Date "2008.01.23"]
[Round "5"]
[White "Kozhuharov,S"]
[Black "Plischki,S"]
[Result "1/2-1/2"]
[WhiteElo "2456"]
[BlackElo "2358"]

1.e4 c5 2.Nf3 e6 3.d4 cxd4 4.Nxd4 Nc6 5.Nc3 Qc7 6.Be3 a6 7.Qd2 Nf6 8.O-O-O Bb4
9.f3 O-O 10.g4 b5 11.g5 Ne8 12.Kb1 Bb7 13.Nxc6 Bxc6 14.h4 Rc8 15.h5 f5 16.gxf6 Nxf6
17.Qd4  1/2-1/2

[Event "IM"]
[Site "Orsha BLR"]
[Date "2008.01.23"]
[Round "3"]
[White "Fedoseev,Vl3"]
[Black "Shkuran,D"]
[Result "1/2-1/2"]
[WhiteElo "2247"]
[BlackElo "2437"]

1.e4 c5 2.Nf3 e6 3.d4 cxd4 4.Nxd4 Nc6 5.Nc3 a6 6.Nxc6 bxc6 7.Bd3 d5 8.O-O Nf6
9.Qe2 Be7 10.b3 O-O 11.Bb2 Qc7 12.Rae1 Re8 13.f4 Bb7 14.e5 Nd7 15.Rf3 g6
16.Nd1 c5 17.Rh3 d4 18.c3 Nb6 19.c4 Kg7 20.Bc1 Nd7 21.Nf2 h5 22.Ne4 Rh8 23.Bd2 Bc6
24.Qf2 Rab8 25.Qg3 Qd8 26.Rf1 h4 27.Qe1 Rb7 28.Ba5 Qb8 29.Nd2 Qc8 30.Nf3 Bxf3
31.Rfxf3 Nb8 32.Be4 Nc6 33.Bd2 Ra7 34.Bb1 a5 35.a4 Qd8 36.Qe4 Nb4 37.g4 hxg3
38.Rhxg3 Kf8 39.Bxb4 axb4 40.Bd3 Ra8 41.Qe2 Qb6 42.Qg2 Rd8 43.Rg4 Qc6 44.Qe2 Ke8
45.Be4 Qb6 46.Qd3 Kd7 47.Rfg3 Rh6 48.Kg2 Rdh8 49.h3 Kc7 50.Qb1 Rh5 51.Qa2 Qa5
52.Qe2 R5h6 53.Qa2 Kb6 54.Qd2 Qa6 55.Qd3 Ka5 56.Qe2 Qb6 57.Rd3 Qc7 58.Rf3 Rh5
59.Bd3 Qc6 60.Be4 Qc7  1/2-1/2

[Event "6th ch-PriFO Men"]
[Site "Kazan RUS"]
[Date "2008.01.24"]
[Round "2"]
[White "Orekhov,V"]
[Black "Khayrullin,D"]
[Result "0-1"]
[WhiteElo "2263"]
[BlackElo "2382"]

1.e4 c5 2.Nf3 e6 3.d4 cxd4 4.Nxd4 Nc6 5.Nc3 Qc7 6.g3 a6 7.Bg2 d6 8.O-O Bd7
9.a4 Nf6 10.Nxc6 bxc6 11.a5 Rb8 12.Qe2 Bc8 13.f4 Be7 14.e5 dxe5 15.fxe5 Nd7
16.Re1 O-O 17.Kh1 c5 18.b3 c4 19.Qxc4 Qxc4 20.bxc4 Bb7 21.Ba3 Bxa3 22.Rxa3 Bxg2+
23.Kxg2 Rbc8 24.Na4 Rxc4 25.c3 Rb8 26.Nb6 Nxb6 27.axb6 Rxb6 28.Rd1 g5 29.Kf3 Rbc6
30.Rd3 Kg7 31.h3 h5 32.Ke3 R6c5 33.Kd2 Rxe5 34.Rxa6 Rce4 35.Kc2 Re2+ 36.Kb3 R5e3
37.Rad6 e5 38.h4 gxh4 39.gxh4 Rxd3 40.Rxd3 f5 41.Rd7+ Kf6 42.Rd6+ Ke7 43.Rh6 f4
44.Rxh5 f3 45.Rf5 e4 46.h5 Ke6 47.Rf8 Rh2 48.Kc4 Ke5 49.Re8+ Kf4 50.Kd4 Rd2+
51.Kc4 f2 52.Rf8+ Ke3 53.h6 Rd6 54.h7 Rh6 55.Kd5 Rh5+ 56.Kd6 Rxh7  0-1

[Event "IM"]
[Site "Orsha BLR"]
[Date "2008.01.24"]
[Round "5"]
[White "Kovalev,Vl"]
[Black "Shkuran,D"]
[Result "0-1"]
[WhiteElo "2184"]
[BlackElo "2437"]

1.e4 c5 2.Nf3 e6 3.Nc3 Nc6 4.d4 cxd4 5.Nxd4 a6 6.Nxc6 bxc6 7.Bd3 d5 8.O-O Nf6
9.Qe2 Be7 10.Na4 O-O 11.c4 Qa5 12.b3 Rd8 13.Bb2 Bd7 14.Rfd1 Be8 15.e5 Nd7
16.cxd5 cxd5 17.Rac1 Nf8 18.Bc3 Bb4 19.Bxb4 Qxb4 20.Nc5 a5 21.Rc2 a4 22.Qe1 Qb6
23.b4 a3 24.b5 Ng6 25.Bxg6 hxg6 26.Rb1 d4 27.Ne4 d3 28.Rd2 Rd5 29.Nc3 Rdd8
30.Qe4 Rac8 31.Rxd3 Rxd3 32.Qxd3 Qa5 33.Nd1 Qe1+ 34.Qf1 Qxe5 35.b6 Bc6 36.Ne3 Bb7
37.h3 Qb2 38.Rxb2 axb2 39.Qd3 Rc1+ 40.Kh2 g5 41.Qd8+ Kh7 42.Qd3+ f5 43.Qd7 b1=Q
44.Qxb7 f4  0-1